| 000 | 01487cam a2200361 a 4500 | ||
|---|---|---|---|
| 001 | 12554979 | ||
| 003 | NUST-PNEC | ||
| 005 | 20170116180710.0 | ||
| 008 | 011003s2002 nyua f 001 0 eng | ||
| 010 | _a 2001276700 | ||
| 015 | _aGBA0-W4468 | ||
| 020 | _a0071359567 | ||
| 035 | _a(OCoLC)ocm44915832 | ||
| 040 | _cPNEC | ||
| 042 | _alccopycat | ||
| 050 | 0 | 0 |
_aTP1185.P5 _bW55 2002 |
| 082 | 0 | 0 |
_a621.867 WIL _221 |
| 100 | 1 | _aWilloughby, David A. | |
| 245 | 1 | 0 |
_aPlastic piping handbook / _cDavid A. Willoughby, R. Dodge Woodson, Rick Sutherland. |
| 260 |
_aNew York : _bMcGraw-Hill, _cc2002. |
||
| 300 |
_a1 v. (various pagings) : _bill. ; _c23 cm. |
||
| 500 | _aIncludes Index http://www.amazon.com/Plastic-Piping-Handbook-McGraw-Handbooks/dp/0071359567/ref=sr_1_1?s=books&ie=UTF8&qid=1412232362&sr=1-1&keywords=0071359567 | ||
| 650 | 0 |
_aPipe, Plastic _vHandbooks, manuals, etc. _xME |
|
| 650 | 0 |
_aPipelines _vHandbooks, manuals, etc. |
|
| 700 | 1 |
_aWoodson, R. Dodge _q(Roger Dodge), _d1955- |
|
| 700 | 1 | _aSutherland, Rick. | |
| 856 | 4 | 2 |
_3Contributor biographical information _uhttp://www.loc.gov/catdir/bios/mh041/2001276700.html |
| 856 | 4 | 2 |
_3Publisher description _uhttp://www.loc.gov/catdir/description/mh021/2001276700.html |
| 856 | 4 | 1 |
_3Table of contents _uhttp://www.loc.gov/catdir/toc/mh021/2001276700.html |
| 906 |
_a7 _bcbc _ccopycat _d2 _encip _f20 _gy-gencatlg |
||
| 942 |
_2ddc _cBK |
||
| 999 |
_c60894 _d60894 |
||